| 000 | 00771nam a2200265 a 4500 | ||
|---|---|---|---|
| 001 | 24496 | ||
| 003 | CO-ViMGA | ||
| 008 | 141112s2004 ck r 000 u spa d | ||
| 020 | _a9789587049718 | ||
| 040 |
_aCO-ViMGA _bspa _cCO-ViMGA |
||
| 041 | _aSPA | ||
| 082 | 0 | 4 | _a320.01 S25i |
| 100 | 1 |
_aSen, Amartya _936408 |
|
| 245 | 1 | 0 |
_aLa idea de la justicia / _cAmartya Sen ; traducción de Hernando Valencia Villa |
| 250 | _a1a ed., 4a reimpr. | ||
| 260 |
_aBogotá : _bTaurus, _c2011 |
||
| 300 | _a499 p. | ||
| 490 | _aPensamiento | ||
| 650 | 1 | 4 |
_aCONTROL SOCIAL _922527 |
| 650 | 1 | 4 | _aética |
| 650 | 1 | 4 |
_aJUSTICIA _953555 |
| 650 | 1 | 4 |
_aRAWLS, JOHN, 1921 - - CRITICA E INTERPRETACION _936409 |
| 700 | 1 |
_aValencia Villa, Hernando, 1949 - _936410 |
|
| 942 |
_2ddc _cBK |
||
| 999 |
_c2220 _d2220 |
||